Journal of the Kenya National Commission for UNESCO (Record no. 3574)

000 -LEADER
fixed length control field 00507nam a22001817a 4500
003 - CONTROL NUMBER IDENTIFIER
control field OSt
005 - DATE AND TIME OF LATEST TRANSACTION
control field 20220121071338.0
008 - FIXED-LENGTH DATA ELEMENTS--GENERAL INFORMATION
fixed length control field 220120b ||||| |||| 00| 0 eng d
020 ## - INTERNATIONAL STANDARD BOOK NUMBER
International Standard Book Number -
040 ## - CATALOGING SOURCE
Transcribing agency Alupe University
050 ## - LIBRARY OF CONGRESS CALL NUMBER
Classification number AG 600
Item number .J68 2021
110 ## - MAIN ENTRY--CORPORATE NAME
Corporate name or jurisdiction name as entry element UNESCO
245 ## - TITLE STATEMENT
Title Journal of the Kenya National Commission for UNESCO
260 ## - PUBLICATION, DISTRIBUTION, ETC.
Place of publication, distribution, etc. Nairobi, Kenya
Name of publisher, distributor, etc. Kenya Literature Bureau
Date of publication, distribution, etc. 2021
300 ## - PHYSICAL DESCRIPTION
Extent xi, 313p
Other physical details ill, (some colored)
Dimensions 25 cm
500 ## - GENERAL NOTE
General note Includes references
942 ## - ADDED ENTRY ELEMENTS (KOHA)
Source of classification or shelving scheme
Koha item type References
Suppress in OPAC SO
Holdings
Withdrawn status Lost status Source of classification or shelving scheme Damaged status Not for loan Permanent Location Current Location Date acquired Source of acquisition Total Checkouts Full call number Barcode Date last seen Price effective from Koha item type
          AU LIBRARY AU LIBRARY 20.01.2022 DONATION FROM THE PRINCIPAL ALUPE UNIVERSITY COLLEGE   AG 600 .J68 2021 VOL 1 28004785 28.01.2022 20.01.2022 References

Powered by Koha